书目信息 |
| 题名: |
海南森林野菜图谱
|
|
| 作者: | 钱军 , 杨众养 编著 | |
| 分册: | ||
| 出版信息: | 北京 中国林业出版社 2018.11 |
|
| 页数: | 159页 | |
| 开本: | 26cm | |
| 丛书名: | ||
| 单 册: | ||
| 中图分类: | S647-64 | |
| 科图分类: | ||
| 主题词: | 野生植物--ye sheng zhi wu--蔬菜--海南--图谱 | |
| 电子资源: | ||
| ISBN: | 978-7-5038-9780-1 | |
| 000 | 01054nam0 2200277 45 | |
| 001 | 012001001961 | |
| 005 | 20131109135351.0 | |
| 010 | @a978-7-5038-9780-1@dCNY120.00 | |
| 099 | @aCAL 012019051621 | |
| 100 | @a20190403d2019 em y0chiy50 ea | |
| 101 | 0 | @achi |
| 102 | @aCN@b110000 | |
| 105 | @aa a 001yy | |
| 106 | @ar | |
| 200 | 1 | @a海南森林野菜图谱@Ahai nan sen lin ye cai tu pu@d= Atals of forest wild vegetables in Hainan@f钱军, 杨众养等编著@zeng |
| 210 | @a北京@c中国林业出版社@d2018.11 | |
| 215 | @a159页@c彩图@d26cm | |
| 320 | @a有书目 (第146页) 和索引 | |
| 330 | @a本书收集整理了62科145种海南森林野菜, 每种野菜都有彩图, 并对每种野菜的拉丁学名、别名、分布、采摘时间、形态特征、药用价值、营养价值、食用部位及食用方法进行详细介绍。 | |
| 510 | 1 | @aAtals of forest wild vegetables in Hainan@zeng |
| 606 | 0 | @a野生植物@Aye sheng zhi wu@x蔬菜@y海南@j图谱 |
| 690 | @aS647-64@v5 | |
| 701 | 0 | @a钱军@Aqian jun@4编著 |
| 701 | 0 | @a杨众养@Ayang zhong yang@4编著 |
| 801 | 0 | @aCN@b北京卓展@c20191020 |
| 905 | @b1199337-8@dS647-64@e563@f2 | |
| 海南森林野菜图谱= Atals of forest wild vegetables in Hainan/钱军, 杨众养等编著.-北京:中国林业出版社,2018.11 |
| 159页:彩图;26cm |
| ISBN 978-7-5038-9780-1:CNY120.00 |
| 本书收集整理了62科145种海南森林野菜, 每种野菜都有彩图, 并对每种野菜的拉丁学名、别名、分布、采摘时间、形态特征、药用价值、营养价值、食用部位及食用方法进行详细介绍。 |
| ● |
| 相关链接 |
|
|
|
|
正题名:海南森林野菜图谱
索取号:S647-64/563
 
预约/预借
| 序号 | 登录号 | 条形码 | 馆藏地/架位号 | 状态 | 备注 |
| 1 | 1199337 | 211993379 | 第二样本阅览室/ [索取号:S647-64/563] | 在馆 | |
| 2 | 1199338 | 211993388 | 第三借阅区/ [索取号:S647-64/563] | 在馆 |